| 000 | 00746cam a2200277 4500 | ||
|---|---|---|---|
| 008 | 090401t1998 xxu||||| |||| 00| 0 eng d | ||
| 020 | _a0419236805 | ||
| 035 | _a(Sirsi) u86472 | ||
| 041 | _aeng | ||
| 050 | _a692.5 | ||
| 245 | _aSpon`s construction resource handbook. | ||
| 260 |
_aLondon _bE & F N Spon _c1998 |
||
| 300 | _axvi,596p. ; 24cm. | ||
| 350 | _a75 | ||
| 650 | _aBUILT ENVIRONMENT-BUILDING MATERIALS | ||
| 650 | _aBUILT ENVIRONMENT | ||
| 650 | _aCIVIL ENGINEERING | ||
| 650 | _aLABOUR COSTS | ||
| 650 | _aLANDSCAPING | ||
| 650 | _aMECHANICAL AND ELECTRICAL | ||
| 650 | _aPLANT AND MACHINERY | ||
| 690 | _aBUILT ENVIRONMENT-BUILDING COSTS | ||
| 700 |
_aSpain, Bryan _xEditor |
||
| 942 | _n0 | ||
| 948 | _c29/05/1998 | ||
| 999 |
_c97137 _d97137 |
||